Timber Utilization Contract Between The Government Of Ghana And Kan Roayal Timbers In Sui River Forest Reserve (Record no. 5621)

MARC details
000 -LEADER
fixed length control field 00526nam a22001697a 4500
003 - CONTROL NUMBER IDENTIFIER
control field OSt
005 - DATE AND TIME OF LATEST TRANSACTION
control field 20250731133506.0
008 - FIXED-LENGTH DATA ELEMENTS--GENERAL INFORMATION
fixed length control field 250731b |||||||| |||| 00| 0 eng d
041 ## - LANGUAGE CODE
Language code of text/sound track or separate title English
082 ## - DEWEY DECIMAL CLASSIFICATION NUMBER
Classification number Acc. No. 11692 MLNR/SRFR/23
110 ## - MAIN ENTRY--CORPORATE NAME
Corporate name or jurisdiction name as entry element Ministry Lands And Natural
245 ## - TITLE STATEMENT
Title Timber Utilization Contract Between The Government Of Ghana And Kan Roayal Timbers In Sui River Forest Reserve
260 ## - PUBLICATION, DISTRIBUTION, ETC.
Place of publication, distribution, etc. Accra
Name of publisher, distributor, etc. Parliament Of Ghana
Date of publication, distribution, etc. 2023
300 ## - PHYSICAL DESCRIPTION
Extent 20P
653 ## - INDEX TERM--UNCONTROLLED
Uncontrolled term Sui River Forest Reserve
942 ## - ADDED ENTRY ELEMENTS (KOHA)
Source of classification or shelving scheme Dewey Decimal Classification
Koha item type Agreements
Suppress in OPAC No
Holdings
Withdrawn status Lost status Source of classification or shelving scheme Damaged status Not for loan Home library Current library Shelving location Date acquired Total checkouts Full call number Date last seen Copy number Price effective from Koha item type
    Dewey Decimal Classification     Main Library Main Library Open Shelves 31/07/2025   Acc. No. 11692 MLNR/SRFR/23 31/07/2025 1 31/07/2025 Agreements
    Dewey Decimal Classification     Main Library Main Library Open Shelves 31/07/2025   Acc. No. 11693 MLNR/SRFR/23 31/07/2025 2 31/07/2025 Agreements
©2026  Parliament of Ghana Library - All rights reserved